| 000 | 00680nam a2200253 4500 | ||
|---|---|---|---|
| 001 | 296518 | ||
| 003 | OSt | ||
| 005 | 20180116183025.0 | ||
| 008 | 711222s1971 nyu 000 1 eng | ||
| 010 | _a 71164848 | ||
| 040 |
_aDLC _cDLC _dDLC |
||
| 050 | 0 | 0 |
_aPZ4.D655 _bGat _aPS3554.O4 |
| 082 | 0 | 0 | _a813.54 DOH 1971 |
| 100 | 1 | _aDohrman, Richard. | |
| 245 | 1 | 4 |
_aThe Gatehouse. _cDohrman, Richard |
| 260 |
_aNew York, _bDelacorte Press _c[1971] |
||
| 300 |
_a353 p. _c24 cm. |
||
| 350 | _a$7.95 | ||
| 440 | _aThe Gatehouse | ||
| 500 | _a"A Seymour Lawrence book." | ||
| 600 | _aDohrman, Richard | ||
| 906 |
_a7 _bcbc _corignew _d2 _encip _f19 _gy-gencatlg |
||
| 942 |
_2ddc _cBK |
||
| 999 |
_c350753 _d350753 |
||